Tourist clusters, destinations and competitiveness: Theoretical issues and empirical evidences (Record no. 30348)

MARC details
000 -LEADER
fixed length control field 00515nam a2200169Ia 4500
008 - FIXED-LENGTH DATA ELEMENTS--GENERAL INFORMATION
fixed length control field 230917s9999||||xx |||||||||||||| ||und||
020 ## - ISBN
Price GBP95
040 ## - CATALOGING SOURCE
-- 254174
Original cataloging agency VIVEKANANDA LIBRARY
041 ## - Language
-- English
082 ## - DDC NUMBER
Classification number 338.4791 C173T
100 ## - MAIN ENTRY--PERSONAL NAME
Personal name Capone, Francesco, ed.
245 #0 - TITLE STATEMENT
Title Tourist clusters, destinations and competitiveness: Theoretical issues and empirical evidences
260 ## - PUBLICATION, DISTRIBUTION, ETC. (IMPRINT)
Place of publication, distribution, etc Oxon
Name of publisher, distributor, etc Routledge
Date of publication, distribution, etc 2016
300 ## - PHYSICAL DESCRIPTION
Pages xiv, 187 p.
500 ## - GENERAL NOTE
General note 3415 23/01/2019 RBP19/73864 11/02/2019 IHTM (SFS)
942 ## - ADDED ENTRY ELEMENTS (KOHA)
Koha item type Books
Holdings
Withdrawn status Lost status Damaged status Not for loan Location (home branch) Sublocation or collection (holding branch) Shelving location Date acquired Koha issues (times borrowed) Koha full call number Accession No. Koha date last seen Koha item type
        VIVEKANANDA LIBRARY VIVEKANANDA LIBRARY IHTM Library 01/03/2019   338.4791 C173T 387641 17/09/2023 Books
© Designed and Maintained by Vivekananda Library, MDU Rohtak